000 00425cam a22001217a 4500
008 180718b1984 xxu||||| |||| 00| 0 eng d
082 _aA81x54 In2/81/27/Pt7
100 _aCensus of India 1981
245 _aDadra and Nagar Haveli: tables on houses and disabled population
260 _aDelhi
_bThe Controller of Publications
_c1984
300 _a75p.
440 _aCensus of India 1981. Series-27, Dadra & Nagar Haveli. Part-VII
999 _c482714
_d482714